| 000 | 00453nam a22001811a 4500 | ||
|---|---|---|---|
| 001 | 5693 | ||
| 003 | OSt | ||
| 005 | 20260204212024.0 | ||
| 008 | 060202s1979||||dr ||||||b||||||||||spa|| | ||
| 050 | _aRD 930.1 O7a | ||
| 100 | _aOrtega, Elpidio | ||
| 245 | _aArqueología de la casa del cordón / Elpidio Ortega | ||
| 264 | _aSanto Domingo : Taller | ||
| 300 | _a97 p | ||
| 500 | _aIncluye bibliografía | ||
| 650 | _a1.ArqueologíaÌ | ||
| 942 |
_2ddc _cBK |
||
| 999 |
_c5693 _d5693 |
||